La isla del tesoro / (Record no. 107921)

MARC details
000 -LEADER
campo de control de longitud fija 00883nam a2200253 i 4500
001 - NÚMERO DE CONTROL
campo de control 107921
003 - IDENTIFICADOR DE NÚMERO DE CONTROL
campo de control ES-MaACL
005 - FECHA Y HORA DE LA ÚLTIMA TRANSACCIÓN
campo de control 20250829080456.0
007 - CAMPO FIJO DE DESCRIPCIÓN FÍSICA--INFORMACIÓN GENERAL
campo de control de longitud fija t|
008 - DATOS DE LONGITUD FIJA--INFORMACIÓN GENERAL
campo de control de longitud fija 061227s1969 sp ||||1| spa d
080 ## - NÚMERO DE LA CLASIFICACIÓN DECIMAL UNIVERSAL
Número de la Clasificación Decimal Universal 82-311-3"18"
100 0# - ENTRADA PRINCIPAL--NOMBRE DE PERSONA
Nombre de persona Stevenson, Robert Louis,
Fechas asociadas al nombre 1850-1894
9 (RLIN) 108169
245 13 - MENCIÓN DEL TÍTULO
Título La isla del tesoro /
Mención de responsabilidad, etc. Robert Louis Stevenson ; prólogo de Jesús Fernández Santos; traducción de Nicanor Ancochea.
260 ## - PUBLICACIÓN, DISTRIBUCIÓN, ETC.
Lugar de publicación, distribución, etc. Madrid :
Nombre del editor, distribuidor, etc. Salvat,
Fecha de publicación, distribución, etc. 1969.
300 ## - DESCRIPCIÓN FÍSICA
Extensión 188 p., 1 h. ;
Dimensiones 19 cm.
490 1# - MENCIÓN DE SERIE
Mención de serie Biblioteca básica Salvat de Libros RTV ;
Designación de volumen o secuencia 27
655 #0 - TERMINO DE INDIZACIÓN--GENERO/FORMA
9 (RLIN) 234459
Datos o término principal de género/forma Novelas de acción y aventuras
700 1# - ENTRADA AGREGADA--NOMBRE PERSONAL
Nombre de persona Fernández Santos, Jesús.
9 (RLIN) 50079
700 1# - ENTRADA AGREGADA--NOMBRE PERSONAL
Nombre de persona Ancochea, Nicanor.
9 (RLIN) 21411
830 00 - PUNTO DE ACCESO ADICIONAL DE SERIE-TÍTULO UNIFORME
Título uniforme Biblioteca básica Salvat de libros RTV
Designación de volumen o secuencia 27
9 (RLIN) 185398
852 ## - LOCALIZACIÓN
Ubicación ES-MaACL
Número de control de estantería E-2948
Sublocalización o colección R.69765
942 ## - ELEMENTOS DE ENTRADA SECUNDARIOS (KOHA)
Fuente del sistema de clasificación o colocación Clasificación decimal universal
Holdings
Estatus retirado Estado de pérdida Estado de daño No para préstamo Biblioteca de origen Biblioteca actual Ubicación en estantería Fecha de adquisición Fuente de adquisición Total de préstamos Signatura topográfica completa Código de barras Visto por última vez Precio de reemplazo Tipo de ítem Koha
        Biblioteca del Ateneo de Madrid Biblioteca del Ateneo de Madrid Depósito 2 17/01/2008     E-2948 1112625 23/02/2023 23/02/2023 Libro impreso